Top 10 Diamond Producing Countries - Statistics

General Stats
  • This quiz has been taken 18 times
  • The average score is 6 of 10
Answer Stats
Boxes of Diamonds Answer % Correct
5.3 M South Africa
94%
2.3 M Namibia
82%
28.2 M Botswana
71%
13.3 M Canada
71%
9.8 M Democratic Republic of the Congo
71%
37.3 M Russia
71%
14 M Angola
59%
600 K Sierra Leone
53%
5.3 M Zimbabwe
53%
700 K Lesotho
24%
No matching quizzes found
Score Distribution
Percent of People with Each Score
Percentile by Number Answered
Your Score History
You have not taken this quiz